Vista normal Vista MARC

Entrada Personal Name

Número de registros utilizados en: 1

001 - CONTROL NUMBER

  • control field: 5172

003 - CONTROL NUMBER IDENTIFIER

  • control field: OSt

005 - DATE AND TIME OF LATEST TRANSACTION

  • control field: 20200607151549.0

008 - FIXED-LENGTH DATA ELEMENTS

  • fixed length control field: 200607|| aca||aabn | a|a d

040 ## - CATALOGING SOURCE

  • Original cataloging agency: OSt
  • Transcribing agency: OSt

100 ## - HEADING--PERSONAL NAME

  • Personal name: Gallez, Pablo J.,

670 ## - SOURCE DATA FOUND

  • Source citation: Work cat.: (OSt)5340: Machlup, Fritz, autor 5169, Semántica económica / , ©1974